000 00550nam a2200181Ia 4500
008 151202s9999||||xx |||||||||||||| ||und||
082 _bPNVM-55180
100 _aशेट्ये चंद्रहास.
245 _aआदिम.
260 _b"मनोरमा प्रकाशन,मुंबई."
260 _c1991
300 _a352
600 _aशेट्ये चंद्रहास.
630 _aआदिम.
700 _aशेट्ये चंद्रहास.
730 _aआदिम.
942 _cBOOK
999 _c1321718
_d1321715